|
|
|
|
| LEADER |
00000cam a2200000 7i4500 |
| 001 |
0000004003 |
| 002 |
000004309 |
| 005 |
20000330.0 |
| 020 |
|
|
|a 981301671X
|
| 090 |
0 |
0 |
|a 304.89405957
|b SUL
|
| 100 |
1 |
|
|a Sullivan, Gerard
|
| 245 |
1 |
0 |
|a Motivations of migrants from Singapore to Australia
|c Gerard Sullivan and S.Gunasekaran
|
| 260 |
|
|
|a Singapore :
|b Institute of Southeast Asian Studies ,
|c 1994
|
| 300 |
|
|
|a 88 p. :
|b ill ;
|c 24 cm.
|
| 650 |
0 |
0 |
|a Emigration and immigration
|z Australia
|
| 651 |
|
0 |
|a Singapore
|x Emigration and immigration
|
| 700 |
1 |
|
|a Gunasekaran, S
|
| 999 |
|
|
|a 037229
|b BUKU
|c PINJAMAN
|e PERPUSTAKAAN KOMUNITI PETALING JAYA
|